[Event "Club Championship 2024/5"]
[Site "White Lion Pub, Oswestry"]
[Date "2025.03.13"]
[Round "Rd 4"]
[White "Fisher, Peter S"]
[Black "Van Kemenade, J."]
[Result "1/2-1/2"]
[Annotator "Van Kemenade,Rudy"]
[WhiteElo "1602"]
[BlackElo "1679"]
[PlyCount "91"]
[GameId "2155289115183179"]
[EventDate "2025.03.13"]

1. e4 g6 2. d4 Bg7 3. Nf3 d6 4. Be2 Nd7 5. O-O e6 $6 {[%eval 117,16] [2nd most frequent move here . e5 main-vk} (5... c5 {[%eval 82,14]} 6. Be3 cxd4 7. Nxd4 Ngf6 8. Nc3 O-O 9. Qd2 Nc5 10. f3 Bd7 11. b3 Ne6 12. Nxe6 fxe6 13. Bc4 Qc7) 6. Be3 Ne7 7. c4 (7. Qd2 h6 {[1-1-1-vk]}) 7... O-O 8. Qd2 (8. Nc3 {[transposes to 88 games-605 for Wh-vk]}) 8... Nf6 (8... e5 {transposes to a King'sIndian from a Hippopotamous}) (8... d5 9. Nc3 dxe4 10. Nxe4 Nf5 11. Bg5 f6 12. Bf4 g5 13. g4 Ne7 14. Bg3 h6 15. c5 Rf7 16. Rad1 Nf8 $14 {SF17}) 9. Nc3 d5 $6 {[%eval 154,16]} (9... Ng4 {[%eval 124,15]} 10. Bg5 f6 11. Bh4 e5 12. h3 exd4 (12... Nh6 {main idea, to be found in similar positions from a Gligoric variation vs a King's Indian- though Bl has taken 2 moves with the e pawn}) 13. Nxd4 Ne5 14. f4 N5c6 15. Nxc6 bxc6 16. c5 Be6 17. Rfd1 (17. Rad1 $18 {[SF17-vk]}) 17... d5 18. Qd4 Rb8 {(SF17 finds slight Wh advantage now-vk]}) 10. e5 {[ Wh has what should be a decisive gain in space-vk]} Ne8 11. Rfd1 {Rs to the d & e files looks most flexible-vk]} Nf5 12. Bf4 dxc4 13. Bxc4 c6 14. Ne4 b5 $6 {[%eval 163,12]} (14... h6 {[%eval 137,12]} 15. Be3 (15. g4 Nh4 16. Nxh4 Qxh4 17. Qe2 Kh8 18. Bg3 Qe7 19. Rd3 $18 {[SF17- Since Wh controls the centre , Wh can just tranfers pieces rapidly to attack the K, and the Bl pieces can't do the same because they are in each others way.-vk]} (19. f4 f5 $16 {gets Bl a bit of space.})) 15... g5 16. Ng3 g4 17. Nxf5 exf5 18. Ne1 Be6 19. Bxe6 fxe6 20. Bxh6 Qh4 21. Bxg7 Nxg7 22. Rac1 f4 {[in this variation though a pawn down , Bl has gained some counterplay. Note how the Wh pieces are somewhat bunched together on the Q side, while Bl's Q, N, R and pawns look quite menacing Rc3 & then f3 creates complicationsvk}) 15. Bb3 a5 16. a3 Qb6 $6 {[%eval 181,16]} (16... h6 {[%eval 130,15]} 17. a4 g5 18. Be3 g4 19. Ne1 Nc7 20. Nc5 Nd5 21. Qe2 Ndxe3 22. fxe3 Qg5 23. Nc2 g3 24. h3) 17. Rac1 Nc7 $6 {[%eval 271,18]} (17... a4 {[%eval 181,16]} 18. Bc2 Ra7 19. Bd3 Ra8) 18. g4 Ne7 19. Nd6 $2 {[%eval 103,17] [looks strong initially, but somehow cut off from the rest of the pieces. It is aimed at f7, but to be effective Wh needs to manage to push f5 to open the f file-vk]} (19. Nf6+ {[%eval 257,15]} Kh8 20. Ng5 h5 (20... h6 21. Rc3 {Rs are excellent in attack-vk} (21. Ngh7 {[wins an exchange, but the active Ns are stronger here than the Rs which are,as usual, bad defenders.-vk]})) 21. gxh5 Ncd5 22. hxg6 fxg6 23. Ngh7 (23. Rc3 $1 {SF17-tries to get Bl to give up a defending N or two-vk]}) 23... Rd8 24. Bg5 a4 25. Bc2 Bxf6 26. Nxf6 {[ the Wh Q will soon be joining in to end things-vk]}) 19... Ncd5 20. Bg3 Ba6 21. Rc5 (21. h4 {SF17- has a simple plan for Wh, Kg2 tripling the Rs and Qon the h file and break in with h5- here the N on d6 will now be playing its part in preventing the Bl K from escaping-vk}) 21... Rfd8 $6 {[%eval 144,15]} (21... b4 {[%eval 90,15]} 22. Ba4 Bb5 23. Bxb5 cxb5 24. Rxb5 Qa6 25. Rc5 Nc8 26. Ne4 Ncb6 27. g5 bxa3 28. bxa3 Nc4 29. Qd3) 22. Qe1 $6 {[%eval 95,15]} (22. Bh4 {[%eval 144,15]} Rf8 23. Rdc1 a4 24. Bxe7 Nxe7 25. Ba2 b4 26. axb4 Rab8 27. Ra5 Nc8 28. Ne4 Bb5 29. Nc5 Rd8 30. Qg5 h6 {[Chessbase18 comment- Wh is clearly better , but it hard to say what the R on a5 is up to, other than just trying to look impressive.-vk}) 22... Nc8 23. Ne4 $6 {[%eval 85,15]} (23. Rdc1 {[%eval 113,15]} Na7) 23... Nce7 $6 {[%eval 145,14] [first of SF17-Bl is seeking some activity-vk]} (23... a4 {[%eval 85,15]} 24. Ba2 h6 25. Rdc1 Nce7 26. Nd6 Bb7 27. Qd2 Rd7 28. g5 hxg5 29. Nxg5 Rf8 30. Qd3 b4 31. axb4 Qxb4 32. R1c4 Qxb2 33. Rxa4) 24. Qd2 $6 {[%eval 67,15]} (24. Bh4 {[%eval 145,14]} Qc7 25. Nf6+) 24... Rd7 $6 {[%eval 111,15]} (24... a4 {[%eval 67,15]} 25. Ba2 h6 26. Rdc1 b4 27. Kg2 Qa7 28. h3 b3 29. Bb1 Bb5 30. Nd6 Qd7 31. Nxb5 {[don't understand this move. The B is doing nothing, while N has enormous potential- it needs to come in on f6 . The resulting position is seen by SF17 as simply level.The h file still beckons with} (31. h4 $18 {instead-vk]}) 31... cxb5 32. Bd3 Rab8) 25. Qc1 $6 {[%eval 46,15]} (25. Bh4 {[%eval 111,15]} Bf8 26. Bg5 Bb7 27. Ba2 b4 28. Bh6 Bg7 29. Bc4 bxa3 30. Bxg7) 25... Rad8 $2 {[%eval 204,16]} (25... a4 {[%eval 46,15]} 26. Bxd5 Nxd5 27. Rxc6 Qb8 28. Nc5 (28. Nf6+ $18 {(SF17-vk]}) 28... Rda7 29. Qc2 Bb7 30. Nxb7 {Same comment as above, this variation starts with a clear Wh advantage, goes now to equal and continues till Bl is now winning at the end??-vk} (30. Rd6) 30... Qxb7 31. Rc1 b4 32. Rc8+ Bf8 33. Qc6 Qxc8 34. Qxc8 Rxc8 35. Rxc8 bxa3) 26. Nd6 $2 {[%eval 85,16]} (26. Bh4 {[%eval 204,16]} Kh8 27. Nf6 Rc7) 26... Rc7 $6 {[%eval 119,17]} (26... b4 {[%eval 85,16]} 27. Qc2 Rb8 28. a4 h6 29. Rc1 Qd8 30. Bxd5 Nxd5 31. Qe4 Bf8 32. Rxc6 Bxd6 33. Rxa6 (33. exd6 $18 {SF17=vk]}) 33... Rc7 34. Re1 {[mouse slip surely- the B can now retreat with = vk]} (34. Rxc7 Bxc7 35. Rxe6 $1 fxe6 (35... Kg7 36. Ra6 Qc8 37. Rc6 Ne7 38. Rc5 Qb7 39. Qxb7 Rxb7 40. d5 $18) 36. Qxg6+ Kf8 37. Qxh6+ Ke8 38. Ng5 Rb6 39. Nxe6 Rxe6 40. Qxe6+ Kf8 41. h4 {SF17- Wh's 5 advancing pawns for the piece, plus the powerful Qwill soon end matters-vk]})) 27. Qg5 $6 {[%eval 62,15] The Q charges ahead all on her own?} (27. Bh4 {[%eval 119,17]} Rf8 28. Bxe7 Nxe7 29. Ng5 a4 30. Ba2 b4 31. axb4 Bh6 32. Qd2 Bxg5 33. Qxg5 Be2 {Instead SF17 gives} 34. Re1 (34. Qh6 Nd5 35. Rdc1 Bf3 36. b5 {[is winning-the variation given here ends up in a drawn position according to SF17-vk]}) 34... Bf3 35. b5 cxb5 36. Rec1 Rxc5 37. dxc5 Qd8 38. Qf4 Bc6) (27. Nxf7 $1 $18 {[SF17]}) 27... Bf8 $2 {[%eval 427,16]} (27... a4 {[%eval 62,15]} 28. Bxd5 h6 29. Qh4 g5 30. Qh5 Nxd5 31. h4 Rxd6 32. exd6 (32. hxg5 $1 $18 {[SF17-vk]}) 32... Nf6 33. dxc7 Nxh5 34. gxh5 gxh4 35. Bd6 Bb7) 28. Rdc1 $2 {[%eval 97,15]} (28. Bxd5 {[%eval 427,16]} cxd5 29. Qf6 Nc6 30. Rxc6 Qxc6 31. Qxd8 Qd7 32. Qb8 b4 33. Ne8 Qa4 34. Nf6+ Kg7 35. Re1) 28... Rdd7 $6 {[%eval 129,18]} (28... h6 {[%eval 97,15]} 29. Qd2 a4 30. Bc2 Bg7 31. Bh4 g5 32. Nxg5 hxg5) 29. Nd2 h6 30. Qh4 g5 $6 {[%eval 235,19]} (30... b4 {[%eval 137,17]} 31. a4 Bd3 32. Bc4 Bxc4 33. N2xc4 Qa7 34. Rd1 g5 35. Qh5 Ng6) 31. Qh5 Ng6 32. Qh3 $2 {[%eval 33,16]} (32. Bxd5 {[%eval 215,16]} cxd5 33. Ne8 Rxc5 34. dxc5 Qc6 35. Nf6+ Kg7 36. h4 gxh4 37. g5 Kh8 38. Nxd7 Qxd7 39. Bxh4 Kh7 40. gxh6) (32. Nxf7 Kxf7 33. Bc2 Nde7 34. Ne4 $18 {[SF17-vk]}) 32... Ngf4 33. Bxf4 Nxf4 34. Qe3 Bxd6 $6 {[%eval 83,18]} (34... Rxd6 {[%eval 56,15]} 35. exd6 Bxd6 36. Ne4 Be7 37. R5c2 a4 38. Ba2) 35. exd6 Rxd6 $6 {[%eval 185,17] [SF17 prefers this move for Bl-vk]} (35... Ra7 {[%eval 96,16]} 36. Ne4 Qd8 37. h4 Nd5 38. Qd2 a4 39. Ba2 Kg7 40. Rxc6 gxh4 41. g5 hxg5 42. Bxd5 exd5 43. Qxg5+ Qxg5+ 44. Nxg5 Kf6 45. Nf3) 36. Ne4 Rd8 (36... Rxd4 $5 37. Kh1 $1 Rxe4 38. Rxg5+ hxg5 39. Qxb6 $18 {[SF17-vk]}) 37. Rd1 $2 {[%eval 0,16]} (37. h4 {[%eval 198,15]} b4 38. hxg5 Ne2+ 39. Kg2 Nxc1 40. gxh6 f6 41. Qxc1 Kh8 42. Qf4 Rf8 43. axb4) 37... Kg7 $2 {[%eval 177,17]} (37... a4 {[%eval 0,16]} 38. Nf6+ Kf8 39. Bc2 Ke7 40. Qe5 Nh3+ 41. Kg2 Nf4+ 42. Kg1) 38. h4 f6 $2 {[%eval 371,16]} (38... Nd5 {[%eval 177,17]} 39. Qf3 Kf8 40. hxg5 hxg5 41. Bxd5 cxd5 42. Qf6 Ke8 43. Qe5 Rc6 44. Nf6+ Kf8 45. b4 Rxc5 46. bxc5) 39. h5 $4 {[%eval -120,15] Wh really needs an open h file-vk]} (39. hxg5 {[%eval 371,16]} fxg5 40. Nxg5 Rf8 41. Qe5+ Rf6 42. Ne4 Rcf7 43. Nxf6 Rxf6 44. Qd6 Ne2+ 45. Kh1 Qa7 46. g5) 39... e5 $4 {[%eval 499,16]} (39... a4 {[%eval -120,15]} 40. Bc2 (40. Ba2 $11 {[SF17-vk]}) 40... b4 41. Ng3 b3 42. Be4 Qxc5 43. dxc5 Rxd1+ 44. Kh2 Rdd7 45. Qc3 Bd3 46. Qb4 Bb5 47. Qc3 Nd5 48. Qd4) 40. Ng3 $4 {[%eval 35,16]} (40. Nxf6 {[%eval 499,16]} Qxc5 41. dxc5 Rxd1+ 42. Bxd1 Kxf6 43. Qd2 Nd5 44. Qd3) 40... exd4 $2 {[%eval 176,17]} (40... Kf8 {[%eval 35,16]} 41. dxe5 Rxd1+ 42. Bxd1 Nd5 43. Qc1 b4 44. exf6 Bd3 45. Bf3 Nxf6) 41. Nf5+ $2 {[%eval -3,19]} (41. Rxd4 {[%eval 176,17]} Nd5 42. Nf5+ Kh7 43. Qc1 Rcc8 44. Qc2 Kh8 45. Nxh6 Rf8 46. Re4 Qb7 47. Re6 Nf4 48. Rexc6 Ne2+ 49. Kf1 (49. Qxe2 $18 {As now Bl has instead of}) 49... Nd4 (49... Rxc6 50. Rxc6 Nc3 $11 {SF17-vk]})) 41... Kh7 $2 {[%eval 107,14]} (41... Kf8 {[%eval -3,19]} 42. Nxd4 Rxd4 43. Rxd4 Re7 44. Qd2 Ne2+ 45. Kf1 Qxc5 46. Rd8+ Re8 47. Qd7 Qe7 48. Rxe8+ Qxe8 49. Qd6+ Kg7 50. Qc7+ Kh8 51. Bf7 Ng3+ 52. Kg2 Qc8 53. Qe7 Ne4 54. Qxe4 Qf8 55. Qxc6 Qxf7 56. Qxa6 Qd5+ 57. f3 Qd2+ 58. Kg3 Qxb2 59. Qa8+ Kg7 60. Qxa5 Kh7 61. Qa7+ Kg8 62. Qa8+ Kg7) 42. Qe4 $4 {[%eval -659,17]} (42. Rxd4 {[%eval 107,14]} Rxd4 43. Nxd4 Qxc5 44. Qe8 Rc8 45. Bc2+ f5 46. Qf7+ Kh8 47. Bxf5 Nh3+ 48. Kh2 Qe5+ 49. Kxh3 Qg7 50. Qxg7+ Kxg7 51. Bxc8 Bxc8 52. Nxc6 a4 53. Nd4 Bd7 54. f3 Kh7 55. Kg2 Kg8) 42... Qxc5 {[ Bl actually tried to play 42..Kg7 here, an illegal move.So under Fide rules There should have followed a K move, instead of Bl's reverting to what was turned down initially as only leading to a drawn position. After Q xd4 though it appears that Wh had miscalculated in allowing this to happen, as Bl is winning (if played correctly)-vk]} 43. Nxd4+ $6 {[%eval -867,20]} (43. Rxd4 {[%eval -660,17]} Qf8 44. Rxd8 Qxd8 45. Bc2 Qd5 46. Qe7+ Rxe7) 43... Kh8 44. Bc2 $2 {[%eval -1455,19]} (44. Nf5 {[%eval -859,17]} Rxd1+ 45. Bxd1 b4 46. axb4 Nh3+) 44... Rxd4 45. Qe8+ Kg7 46. Rxd4 {Wh offered a draw seeing a perpetual if the B gets taken, and a win if not. Bl with 4 mins left, was looking to bail out with going just a piece up, and no clear winning plan in sight. However several interesting ideas emerged in the pm analysis.-vk} ({A]} 46. Rxd4 Qxc2 47. Rd7+ Rxd7 48. Qxd7+ {perpetual}) ({B]} 46. Rxd4 Qxd4 47. Bb3 {B1} Nd5 $19 {Adrian} (47... Nh3+ {B2 SF17} 48. Kh2 (48. Kg2 Qxg4+ 49. Kh2 Qg1+ 50. Kxh3 g4+ 51. Kh4 Qxf2+ 52. Kxg4 Bc8+ {mating}) 48... Qe5+) ({B3-vk ,seen in the early hours} 47... f5 48. Qg8+ Kf6 49. Qh8+ Ke7 50. Qxd4 Ne2+ 51. Kf1 Nxd4) ({B4} 47... Ne2+ {works if Wh plays} 48. Qxe2 ({but then SF17 has} 48. Kf1 $1 Ng3+ 49. Kg1 Ne2+ $11) 48... Qe5 $19)) ({C]} 46. Rxd4 Qe7 {Bl's idea} 47. Re4 Qxe8 48. Rxe8 Bc8 49. f3 $19 {but will take quite a while  Variations added by vk}) 1/2-1/2

[Event "Club Championship 2024/5"]
[Site "?"]
[Date "2025.03.06"]
[Round "Rd 4"]
[White "Grice, Keith"]
[Black "Sadler, Paul"]
[Result "0-1"]
[Annotator "Van Kemenade,Rudy"]
[WhiteElo "1450"]
[BlackElo "1541"]
[PlyCount "86"]
[GameId "2152830439974825"]
[EventDate "2025.03.07"]
[SourceVersionDate "2025.03.07"]

{[%evp 0,16,17,3,7,0,37,16,27,4,27,8,27,26,37,19,20,29,32]} 1. c4 Nf6 2. Nc3 g6 3. g3 Bg7 4. Bg2 O-O 5. Nf3 (5. e4 {main}) 5... d6 6. O-O c6 7. d3 Nbd7 (7... e5 8. Rb1 a5 9. a3 Nbd7 10. b4 axb4 11. axb4 Re8 (11... d5) 12. Nd2 Nf8 13. b5 d5 {2-7-5}) 8. Re1 (8. Rb1 {main line}) 8... Nc5 {Komodo10, not sure wher this N is headed for- its more usual direction is towards the K side. It often gets here when Wh has played d5, but it could be chased away} (8... e5 {1-3-1}) 9. Bd2 (9. b4 Nfe4 $15) 9... Bd7 (9... a5 {keeps the N in place} 10. Qc2 Bg4 11. Qc1 Re8 12. Bh6 Bh8 13. Qg5 Bxf3 14. Bxf3 Nfd7 15. Qd2 Ne6 16. Bg2 Ne5 17. Bh3 Nd4 18. Bg2 Qc8 19. Rac1 Qd8 20. Bf4 Ne6 21. Bxe5 Bxe5 22. Qc2 Nd4 23. Qd2 e6 24. e4 Bg7 25. Ne2 Qb6 26. Rb1 a4 27. Rf1 Nxe2+ 28. Qxe2 Qa5 29. Qe1 Qc5 30. Qe3 Bd4 31. Qd2 b5 32. cxb5 Qxb5 33. Rfc1 Ra6 34. Qc2 e5 35. Qc4 Qb7 36. Qc2 Rea8 37. Qd2 Rb6 38. Rc2 Rb8 39. b3 Bc5 40. Rcb2 Bd4 41. Rc2 c5 42. Qe2 axb3 43. axb3 Rxb3 44. Rxb3 Qxb3 45. Ra2 Qb1+ 46. Bf1 Qb6 47. Kg2 Qb7 48. Kg1 Rf8 49. Bh3 Qb1+ 50. Kg2 Rb8 51. Bd7 Kg7 52. Bc6 Qb6 53. Bd5 Rf8 54. Ra8 Rxa8 55. Bxa8 Qa7 56. Bd5 f6 57. h4 Qd7 58. Qf3 f5 59. exf5 Qxf5 60. Qxf5 gxf5 61. f3 Kf6 62. Kh3 Be3 63. Kg2 h6 64. Kh3 Ke7 65. Kg2 Kd7 66. Kf1 Kc7 67. Ke2 Bc1 68. Kd1 Be3 69. Ke2 Bd4 {0-1 Sochor,T-Zitny,P Brno Trade op-B 2005 (3)}) 10. a3 (10. b4 Na6 11. Rb1 Nc7 12. a4 $14 {SF17}) 10... a5 11. Rb1 (11. b3 {prevents Bl from clamping down on Q side expansion, but then} b5 12. cxb5 cxb5 13. b4 axb4 14. axb4 Rxa1 15. Qxa1 Nb3 16. Qa3 Nxd2 17. Nxd2 Qb8 $11 {SF17}) 11... a4 12. Ng5 (12. h3 e5 13. Be3 e4 14. dxe4 Nfxe4 15. Nxe4 Nxe4 16. Bd4 Re8 $11 {SF17}) 12... Bf5 (12... Nb3 $15 {SF17}) 13. d4 $2 (13. Be3 Nfd7 14. Nf3 e5 15. Nd2 Qe7 16. Nde4 Nxe4 17. Nxe4 d5 $11 {SF17}) 13... Bxb1 14. dxc5 Bf5 $19 15. Nxa4 h6 16. e4 Bc8 (16... Bg4 17. Nf3 Nd7 $19 {SF17}) 17. Nf3 Bg4 18. Nb6 Ra6 19. Qb3 (19. Na4 {must be better , as the N is not doing much on b6}) 19... Bxf3 20. Bxf3 dxc5 {winning more material} 21. Be3 Rxb6 22. Qc2 Nd7 23. b4 Ra6 24. Qb3 cxb4 25. Qxb4 Ne5 26. Be2 Qc7 27. c5 Ra7 (27... Qa5 {SF17 prefers simplification to end Wh resistence} 28. Bxa6 Qxb4 (28... Qxa6 29. Rd1 Qe2 30. Qb3 h5 31. h4 Qf3 $19) 29. axb4 bxa6 30. Rd1 Ra8 31. Bc1 a5 32. bxa5 Rxa5 33. Be3 Ra8 $19 {SF17}) 28. Bd2 Rfa8 29. f4 Nd7 (29... Ra4 30. Qb1 Rxa3 31. fxe5 Qxe5 32. Kg2 Qd4 33. Bc1 Ra2 $19 {SF17}) 30. e5 Rxa3 31. Qd4 b6 32. Bb4 bxc5 33. Bxc5 Nxc5 34. Qxc5 Qa7 35. Qxa7 R3xa7 36. Kf2 Ra1 37. Rxa1 Rxa1 38. h4 f6 39. exf6 exf6 40. Kf3 c5 41. Ke3 f5 42. Bc4+ Kf8 43. Bd5 Ra3+ 0-1

[Event "Club Championship 2024/5"]
[Site "?"]
[Date "2025.02.06"]
[Round "Rd 4"]
[White "Atherton, Marcus"]
[Black "Loe, Alex"]
[Result "0-1"]
[Annotator "Van Kemenade,Rudy"]
[WhiteElo "1547"]
[BlackElo "1429"]
[PlyCount "118"]
[GameId "2144148478036851"]
[EventDate "2025.02.10"]

{[%evp 0,19,20,32,22,22,22,24,14,17,34,23,-41,23,16,18,22,0,5,5,29,19]} 1. e4 e5 2. Nf3 Nf6 3. Nxe5 d6 4. Nf3 Nxe4 5. Qe2 {a notorious drawing line for IMs} (5. d4 {main}) (5. Nc3 {next, latest fashion revival}) 5... Qe7 6. d3 Nf6 7. Nc3 (7. Bg5 {main}) 7... Bg4 8. Qxe7+ Bxe7 9. Be2 c6 {0-4-6 ; 30 % for Wh} (9... Nc6 {49% for Wh}) (9... O-O {33% for Wh, main lines}) 10. Be3 $146 (10. h3 Be6 (10... Bh5 {4 draws}) 11. O-O Na6 12. a3 Nc7 13. Be3 Kd7 14. Nd4 Ncd5 15. Nxd5 Nxd5 16. Nxe6 fxe6 17. Bf3 Nxe3 18. fxe3 Raf8 $11 {Tuerke-Schallehn, Leipzig op 1964,0-1}) (10. Bg5 Na6 11. a3 Nc5 12. h3 Bh5 13. O-O-O Ne6 14. Be3 d5 15. d4 Ne4 (15... Nd7 $11) 16. Nxe4 dxe4 17. Ng1 Bxe2 18. Nxe2 f5 19. d5 $18 {Antonio-Villanueva, Buenos Aires Banfield op 2005,0-1}) 10... d5 11. Bd4 {if the B is to take the N,(what else from here?) it could have gone to g5 in one move} (11. h3 Bxf3 12. Bxf3 Nbd7 13. O-O O-O $11 {SF17}) 11... Nbd7 12. O-O O-O 13. Nd2 (13. h3 {looks better than this retreat}) 13... Bb4 14. Bxg4 Nxg4 15. a3 Ba5 16. b4 Bc7 17. h3 Nh6 $11 {but the Bl pices look better coordinated than the 3 Wh pieces getting in each others's way in the centre} 18. Na4 b6 19. Nf3 Nf5 20. Bb2 Rfe8 21. Nc3 (21. Rfe1 {contesting the file looks natural}) 21... Ne5 $15 22. Nd2 Nd7 (22... Nd4 23. Rfc1 Ng6 24. Kf1 Bf4 25. Ncb1 Ne6 26. Re1 f6 $11 {but the Wh pieces are looking very sorry for themselves, all huddled together}) 23. Rac1 Be5 24. Nf3 Bf6 (24... Bf4 25. Rb1 Ne5 26. Nxe5 Bxe5 27. Rfe1 Re6 28. Ne2 Bxb2 29. Rxb2 Rae8 $11 {but the Bl position is much easier to play}) 25. Ba1 Ne5 26. Nd2 {3rd visit by this N} (26. Nxe5 Rxe5 27. Rfe1 (27. Nb1 d4 28. Nd2 Rd5 (28... Rae8 29. g4 $16) 29. Rfe1 h5 $11) 27... Rxe1+ 28. Rxe1 Nd4 29. Rc1 Bg5 $19 {SF17}) 26... Ng6 27. Rfe1 (27. Nf3 Ngh4 28. Nxh4 Bxh4 29. b5 d4 30. Ne4 c5 31. Bb2 h6 32. Rfe1 Bd8 33. Kf1 Bc7 34. Nd2 Ne7 35. g3 Nd5 36. Rxe8+ Rxe8 37. c3 dxc3 38. Bxc3 $11 {SF17-Wh has got some relief by exchanges but} Nxc3 39. Rxc3 Rd8 40. Ke2 {leaves a backward d pawn, which will need care}) 27... Nd4 {right idea, but mistimed} (27... Rxe1+ 28. Rxe1 Nd4 29. Rc1 Bg5 30. Rd1 Nxc2 $19 {SF17}) 28. Kf1 (28. Rxe8+ Rxe8 29. Kf1 Bg5 30. Ncb1 {not possible in var above because of a N fork}) 28... Rxe1+ 29. Kxe1 Re8+ {natural, but} (29... Nf4 30. Kf1 Kf8 $15 {SF17}) 30. Kf1 Nf4 31. Nb3 $2 (31. h4 Nfe6 32. g3 g5 33. hxg5 Bxg5 34. Ncb1 f5 35. Bxd4 Nxd4 36. c3 Ne6 37. Re1 Kf7 38. Nf3 Bf6 $11 {but the Bl pieces still more active}) 31... Nxb3 (31... Nxd3 32. Rd1 Nxc2 33. Ne2 (33. Rxd3 Re1#) 33... Nxa1 34. Rxd3 Nxb3 35. Rxb3 Kf8 $19 {SF17-two pawns up}) 32. cxb3 Nxd3 33. Rd1 Nf4 $19 34. b5 Bxc3 {releases the Wh pieces from their slumber} (34... d4 $1 35. Nb1 cxb5 (35... c5 {also looks good, immuring the B}) 36. Bxd4 $2 (36. Nd2 h5 37. Rc1 Ne6 38. b4 a5 39. Nf3 Ra8 $19 {SF17}) 36... Rd8 $19) 35. Bxc3 cxb5 $15 36. g3 Nxh3 (36... Rc8 37. Be1 Ne6 38. Rxd5 Rc5 39. Rd1 h5 $15 {SF- Bl may eventually get a pawn through on the Q side}) 37. Rxd5 $11 h6 38. Rxb5 (38. Rd7 $1 {SF17-ignore a doubled pawn- get active pieces- with pawns on both sides a B is usually better than a shortlegged N, and Rs naturally love the 7th rank}) 38... Ng5 $15 {while the Wh R is tempoarrily out of play, Bl still has an extra pawn on the other side} 39. Bd4 (39. Rd5 Ne6 40. Rd7 Rc8 41. Be5 f6 42. Bf4 g5 43. Be3 Rc7 $15 {SF17}) 39... Re6 {too defensive-Rs must attack weak pawns, not seek to defend them} (39... Rd8 40. Be3 Ne4 41. Rb4 Nc3 (41... Rd1+ 42. Kg2 Nc3 43. Rg4 h5 44. Rc4 Nd5 45. Bc1 Rd3 46. b4 f6 47. b5 Rb3 48. Rc8+ Kh7 49. a4 Kg6 50. Ra8 Rb1 51. Be3 Kf5 52. Rxa7 g5 53. Bd4 Ke4 {and Wh is in a mating net from the concerted Bl pieces}) 42. Kg2 Nd5 43. Re4 f6 (43... Nxe3+ 44. Rxe3 {is more difficult to win- with the pawn structure static for the moment, the N is superior to the B, so adds extra power to its R}) 44. Kf3 h5 45. Rc4 Kf7 46. Ke4 g5 47. Rc6 Nxe3 {now that Bl has made progress on the K side, its time} 48. Kxe3 Kg6 49. Rc7 a5 50. f3 h4 51. gxh4 gxh4 52. Rc4 Kh5 53. b4 axb4 54. Rxb4 h3 55. Kf2 Rg8 56. Rb5+ Rg5 57. Rxb6 h2 58. Rb8 h1=N+ 59. Ke3 Re5+ 60. Kd4 Ng3 {SF17  and Bl picks up f3 and Q's- often endings can be long drawn out.}) 40. Rd5 (40. a4 {keeps attacking and tries to swap as many pawns as possible}) 40... a6 41. a4 $11 Ne4 42. Be3 $2 (42. Kg2 Rc6 43. b4 Nc3 44. Rd8+ Kh7 45. a5 b5 46. Bxc3 Rxc3 47. Rd7 f6 48. Rd6 Rb3 49. Rxa6 Rxb4 50. Rb6 $11 {the a pawn will be swapped for the B pawn, leaving the R & 3 vs R & 2 all on one side( which should be drawn)}) 42... Nxg3+ $17 43. Kg2 Ne4 44. Rd8+ Kh7 45. Ra8 (45. Rb8 Nf6 46. Rxb6 Rxb6 47. Bxb6 Nd5 48. Bc5 $19 {but more difficult because Wh can get an outside passed pawn, though the N can hold, and then Bl's K side pawns advance}) 45... b5 $19 46. axb5 axb5 47. Rb8 Nc3 (47... Re5 {keeps the pawn safe}) 48. Rb7 Kg6 49. Bd4 Ne2 50. Be3 (50. Bc5 Re5 51. Rxb5 Nf4+ 52. Kf1 Ne6 53. b4 f6 54. Ra5 Nxc5 55. bxc5 h5 $19 {SF17}) 50... Re5 51. Kf1 Ng3+ $1 52. Kg2 Nf5 53. Ba7 Re7 54. Rb6+ Kg5 (54... f6) 55. Rxb5 $2 (55. Bb8 Nd4 56. Rd6 Nxb3 57. Rd5+ Kg6 58. Rxb5 Nd4 59. Rb4 Ne6 {SF17-and the bl pawns advance, especially with the help of the N}) 55... Rxa7 56. b4 Kg6 57. Rb6+ f6 58. Rb8 Nd6 59. Kf3 Rb7 0-1